Vysoké Tatry - Lanovka na Lomnický štít 2634 m

Bibliographic Details
Format: Postcard
Language:Slovak
PhysicalDescription:1 pohľadnica čiernobiela 14 x 9 cm
Published: [Bratislava] Tatran [1950]
Subjects:

MARC

LEADER 00000nkm a2200000 a 4500
001 vtls010861198
003 SK-MaSNL
005 20260512123931.0
007 kp bo
008 231214q1950 xo g 00 kuslo
015 |a SNBG 
035 |a 6A9CEE4F-5AFD-43AC-8897-44A677674911 
035 |a urn:nbn:sk:snk-kmxzsz 
035 |a urn:nbn:sk:snk-km007c29 
040 |a SNK  |b slo  |c SNK  |e AACR2 
041 0 |a slo 
043 |a e-xo--- 
044 |a xo  |c SK 
080 |a 625.5  |2 2011 
080 |a 908(437.6)  |2 2001 
080 |a (084.121)  |2 2001 
080 |a (234.372.4)  |2 2008 
245 0 0 |a Vysoké Tatry - Lanovka na Lomnický štít 2634 m  |h grafika 
260 |a [Bratislava]  |b Tatran  |c [1950] 
300 |a 1 pohľadnica  |b čiernobiela  |c 14 x 9 cm 
650 0 7 |a lanovky  |2 SNKPH  |9 16006 
651 7 |a Vysoké Tatry (Poľsko a Slovensko : pohorie)  |2 SNKPHgeo  |9 67729 
651 7 |a Slovensko  |2 SNKPH  |9 14231 
651 7 |a Lomnický štít (Vysoké Tatry, Slovensko)  |2 SNKPH  |9 19911 
655 7 |a miestne pohľadnice  |2 SNKPH  |9 70510 
852 |a Slovenská národná knižnica 
958 |a GC 
958 |a GBN 
958 |a OND 
999 |c 842839  |d 844769 
952 |a SNK  |b SNK  |y PREZ  |7 0  |p 17A1163992  |o snkSP 4107  |0 0  |1 0  |4 0  |d 2015-08-17  |f 1  |l 0  |r 2026-02-24 04:16:51  |w 2026-02-24